| 000 | 00592nam a2200205 a 4500 | ||
|---|---|---|---|
| 005 | 20210223131022.0 | ||
| 008 | 090616s2006 mx r 000 0 spa d | ||
| 020 | _a9685960801 | ||
| 035 | _aUPN01000171201 | ||
| 049 | _aCG | ||
| 050 | 4 |
_aPR9369.3 C5.8 _bF6.3 |
|
| 100 | 1 |
_aCoetzee, John Maxwell, _d1940- _928952 |
|
| 245 | 1 | 0 |
_aFoe / _cJ. M. Coetzee ; tr. de Alejandro García Reyes. |
| 260 |
_aMéxico : _bDebolsillo, _c2006. |
||
| 300 | _a157 p. | ||
| 440 | 0 |
_aContemporánea ; _v342 |
|
| 440 | 0 |
_aBiblioteca J. M. Coetzee ; _v7 |
|
| 650 | 4 |
_aNOVELA SUDAFRICANA _98804 |
|
| 905 | _aLibro | ||
| 999 |
_c143306 _d143306 |
||